The decisive wars of history; (Record no. 552373)
[ view plain ]
| 000 -LEADER | |
|---|---|
| fixed length control field | 00491cam a22001571 4500 |
| 082 ## - DEWEY DECIMAL CLASSIFICATION NUMBER | |
| Classification number | 355.4 |
| Author Mark | HAR |
| -- | D. |
| 100 2# - MAIN ENTRY--PERSONAL NAME | |
| Personal name | Liddell Hart, Basil Henry, |
| 245 14 - TITLE STATEMENT | |
| Title | The decisive wars of history; |
| Remainder of title | a study in strategy, |
| Statement of responsibility, etc. | by B.H. Liddell Hart. |
| 260 ## - PUBLICATION, DISTRIBUTION, ETC. | |
| Place of publication, distribution, etc. | London, |
| Name of publisher, distributor, etc. | G. Bell & sons, ltd., |
| Date of publication, distribution, etc. | 1929. |
| 300 ## - PHYSICAL DESCRIPTION | |
| Extent | x, 242 p. |
| Other physical details | maps (part fold.) |
| Dimensions | 23 cm. |
| 526 ## - STUDY PROGRAM INFORMATION NOTE | |
| Program name | 0 |
| Interest level | 0 |
| Reading level | 0 |
| Title point value | 355_400000000000000_HAR |
| 650 #0 - SUBJECT ADDED ENTRY--TOPICAL TERM | |
| Topical term or geographic name entry element | MCE |
| 9 (RLIN) | 379 |
| 650 #0 - SUBJECT ADDED ENTRY--TOPICAL TERM | |
| Topical term or geographic name entry element | Military history |
| 9 (RLIN) | 1735 |
| 650 #0 - SUBJECT ADDED ENTRY--TOPICAL TERM | |
| Topical term or geographic name entry element | Strategy |
| 942 ## - ADDED ENTRY ELEMENTS (KOHA) | |
| Source of classification or shelving scheme | |
| Koha item type | Book |
| Withdrawn status | Lost status | Source of classification or shelving scheme | Damaged status | Not for loan | Permanent Location | Current Location | Shelving location | Date acquired | Total Checkouts | Full call number | Barcode | Date last seen | Price effective from | Koha item type |
|---|---|---|---|---|---|---|---|---|---|---|---|---|---|---|
| Military College of Engineering (MCE) | Military College of Engineering (MCE) | 01/14/2015 | 355.4 HAR | MCE-ECD/17 | 01/14/2015 | 01/14/2015 | Book |
